The voyage uncertain/ (Record no. 93541)
[ view plain ]
| 000 -LEADER | |
|---|---|
| fixed length control field | 00559nam a22001817a 4500 |
| 005 - DATE AND TIME OF LATEST TRANSACTION | |
| control field | 20150611151350.0 |
| 010 ## - LCCN (DPL NO) | |
| LC control number | ENG-112976 |
| 020 ## - INTERNATIONAL STANDARD BOOK NUMBER | |
| Terms of availability | 250.00 |
| International Standard Book Number | 9789380357669 |
| 035 ## - SYSTEM CONTROL NUMBER | |
| System control number | EN-96508 |
| 037 ## - SOURCE OF ACQUISITION | |
| Source of stock number/acquisition | DBAD/PUB |
| 082 ## - DEWEY DECIMAL CLASSIFICATION NUMBER | |
| Classification number | 881 |
| 100 ## - MAIN ENTRY--PERSONAL NAME | |
| Personal name | Purkayastha, Debabrata Deb |
| 245 ## - TITLE STATEMENT | |
| Title | The voyage uncertain/ |
| Statement of responsibility, etc | by Debabrata Deb Purkayastha |
| 260 ## - PUBLICATION, DISTRIBUTION, ETC. (IMPRINT) | |
| Place of publication, distribution, etc | Tripura |
| Name of publisher, distributor, etc | Naba Chandana Prakashani |
| Date of publication, distribution, etc | 2014 |
| 270 ## - ADDRESS | |
| City | Tripura |
| Postal code | 799002 |
| Address | Ramanagar Road No-2 (West) P.O. Ramnagar, Agartala, |
| 300 ## - PHYSICAL DESCRIPTION | |
| Extent | 64p. |
| Dimensions | 23cm(Hb) |
| 942 ## - ADDED ENTRY ELEMENTS (KOHA) | |
| Source of classification or shelving scheme | Dewey Decimal Classification |
| Item type | English Books |
| Call number suffix | PUR |
| Classification part | 881 |
| Withdrawn status | Lost status | Not for loan | Collection code | Home library | Current library | Date acquired | Source of acquisition | Cost, normal purchase price | Full call number | Barcode | Copy number | Cost, replacement price | Koha item type |
|---|---|---|---|---|---|---|---|---|---|---|---|---|---|
| Not For Loan | Non-fiction | D.B.Act.Division | D.B.Act.Division | 13/05/2015 | DBAD/PUB | 250.00 | 881 PUR | EN-96508 | 1 | 250.00 | English Books |
